00423nam a2200169 a 45000010005000000030009000050080041000140200015000550400028000700820017000981000045001152450022001602500007001822600032001893000010002216500022002312718CO-ViMGA141112s2004 ck r 000 u spa d a9684528477 aCO-ViMGAbspacCO-ViMGA04a346.022 P3731 aPerez Fernández del Castillo, Bernarda10aContratos civiles a3a aMexico : bParrúa, c1995 a389 p14aCONTRATOS CIVILES